000 01043nab a22002417a 4500
999 _c5534
_d5534
003 OSt
005 20251215135215.0
008 190429b xxu||||| |||| 00| 0 spa d
040 _cPJ
100 _aFalcone, Roberto (h.)
_94067
245 1 3 _aEl dolo y la imprudencia como títulos de imputación /
_cRoberto Falcone (h.).
260 _cCiudad Autónoma de Buenos Aires :
_aThomson Reuters La Ley,
_b2025.
300 _ap. 26-40
500 _aCita: AR/DOC/172/2025.
505 _aSumario: I. El dolo como objeto de adscripción.— II. Algunas notas salientes de la imprudencia como criterio de imputación extraordinaria.
505 _tSi te interesa el texto completo, solicitalo a koha@justierradelfuego.gov.ar
650 0 _9343
_aDERECHO PENAL
650 0 _92693
_aDOLO
650 0 _94068
_aIMPRUDENCIA
650 0 _92718
_aSITUACIÓN DEL IMPUTADO
773 0 _02658
_93164
_tRevista de derecho penal y criminología. Nº 2 - Marzo 2025
_dCiudad Autónoma de Buenos Aires : Thomson Reuters La Ley, 2017-
_x00347914
942 _2udc
_cANA